| LEADER |
00834nam0a2200181 450 |
| 001 |
16839888 |
| 010 |
|
|
|a 978-2-265-15539-8
|b Br.
|d 23,9
|
| 100 |
|
|
|a 20220907d2022 u u0frey01 ba
|
| 101 |
1 |
|
|a fre
|c
|
| 200 |
0 |
|
|a E.V.E
|f James Rollins
|g trad. Leslie Boitelle
|
| 207 |
|
1 |
|a
|
| 210 |
|
|
|a Paris
|b 6 rue Garancière.
|c Fleuve Noir
|d 2022
|
| 330 |
|
|
|a Le maître du roman d'aventures ! Et si l'Intelligence Artificielle devenait la plus grande des convoitises et le plus effroyable des dangers ? " James Rollins est le maître incontesté du roman d'aventures. " Jérôme Toledano, Librairie Les Cyclades
|
| 700 |
|
0 |
|a Rollins
|b James
|f 1961-....
|4 70
|
| 702 |
|
0 |
|a Boitelle
|b Leslie
|4 730
|
| 900 |
|
|
|a Roman Policier
|
| 901 |
|
|
|a Accessible au prêt
|
| 995 |
|
|
|a Bibliothèque
|c Bibliothèque
|f 024022704
|h 024022704
|k RP ROL
|o p
|q a
|r az
|e Bibliothèque
|